书目信息 |
| 题名: |
马克思列宁主义哲学学习指导
|
|
| 作者: | 孙仲管 , 盖兰骏 主编 | |
| 分册: | ||
| 出版信息: | 石家庄 河北教育出版社 1990.7 |
|
| 页数: | 258页 | |
| 开本: | 19cm | |
| 丛书名: | ||
| 单 册: | ||
| 中图分类: | B0-0 | |
| 科图分类: | ||
| 主题词: | 马克思主义哲学 | |
| 电子资源: | ||
| ISBN: | 7-5434-0861-9 | |
| 000 | 00632nam0 2200205 45 | |
| 001 | 0305090980 | |
| 005 | 20031219104038.6 | |
| 010 | @a7-5434-0861-9@dCNY2.65 | |
| 100 | @a20030509d1990 km y0chiy0120 ea | |
| 101 | 0 | @achi |
| 105 | @a z 000yy | |
| 200 | 1 | @a马克思列宁主义哲学学习指导@AMa Ke Si Lie Ning Zhu Yi Zhe Xue Xue Xi Zhi Dao@f孙仲管,盖兰骏主编@FSun Zhong Guan,Gai Lan Jun Zhu Bian |
| 210 | @a石家庄@c河北教育出版社@d1990.7 | |
| 215 | @a258页@d19cm | |
| 606 | 0 | @a马克思主义哲学 |
| 690 | @aB0-0@v3 | |
| 701 | 0 | @a孙仲管@4主编 |
| 701 | 0 | @a盖兰骏@4主编 |
| 801 | @aCN@bTSTC@c20030509 | |
| 905 | @f3@b229518-520@dB0-0@e104 | |
| 马克思列宁主义哲学学习指导/孙仲管,盖兰骏主编.-石家庄:河北教育出版社,1990.7 |
| 258页;19cm |
| ISBN 7-5434-0861-9:CNY2.65 |
| ● |
| 相关链接 |
|
|
|
|
正题名:马克思列宁主义哲学学习指导
索取号:B0-0/104
 
预约/预借
| 序号 | 登录号 | 条形码 | 馆藏地/架位号 | 状态 | 备注 |
| 1 | 0229518 | 001789014 | 密集书库/ [索取号:B0-0/104] | 在馆 | |
| 2 | 0229519 | 001788970 | 密集书库/ [索取号:B0-0/104] | 在馆 | |
| 3 | 0229520 | 001788934 | 密集书库/ [索取号:B0-0/104] | 在馆 |